Gravity falls (Record no. 13809)

000 -LEADER
fixed length control field 00917cam a22003017i 4500
020 ## - ISBN
ISBN 9781484710807
020 ## - ISBN
ISBN 1484710800
050 00 - LIBRARY OF CONGRESS CALL NUMBER
Classification number PZ7.R2954
082 04 - DEWEY DECIMAL CLASSIFICATION NUMBER
Classification number Fic. R424g 2014
Edition number 23
100 1# - MAIN ENTRY--PERSONAL NAME
Personal name Renzetti, Robert,
245 10 - TITLE STATEMENT
Title Gravity falls
Remainder of title Dipper's and Mabel's guide to mystery and nonstop fun! /
Statement of responsibility, etc. written by Dipper Pines and Mabel Pines (with help from Rob Renzetti and Shane Houghton).
250 ## - EDITION STATEMENT
Edition statement First Edition.
260 ## - PUBLICATION, DISTRIBUTION, ETC. (IMPRINT)
Place of publication, distribution, etc. California
Name of publisher, distributor, etc. Disney Press
Date of publication, distribution, etc. c2014
300 ## - PHYSICAL DESCRIPTION
Extent/Page number 160 pages :
Other physical details color illustrations ;
Dimensions 22 cm
337 ## - MEDIA TYPE
Media type term unmediated
Media type code n
490 ## - SERIES STATEMENT
Series statement Gravity falls
526 ## - STUDY PROGRAM INFORMATION NOTE
PROGRAM TYPE FICTION
650 #0 - SUBJECT ADDED ENTRY--TOPICAL TERM
Topical term or geographic name as entry element Imaginary places
650 #0 - SUBJECT ADDED ENTRY--TOPICAL TERM
Topical term or geographic name as entry element Siblings
650 #1 - SUBJECT ADDED ENTRY--TOPICAL TERM
Topical term or geographic name as entry element Imaginary places
650 #1 - SUBJECT ADDED ENTRY--TOPICAL TERM
Topical term or geographic name as entry element Siblings
650 #1 - SUBJECT ADDED ENTRY--TOPICAL TERM
Topical term or geographic name as entry element Humorous stories.
650 #7 - SUBJECT ADDED ENTRY--TOPICAL TERM
Topical term or geographic name as entry element Brothers and sisters.
650 #7 - SUBJECT ADDED ENTRY--TOPICAL TERM
Topical term or geographic name as entry element Imaginary places.
700 1# - ADDED ENTRY--PERSONAL NAME/OTHER AUTHORS
Personal name Houghton, Shane,
700 1# - ADDED ENTRY--PERSONAL NAME/OTHER AUTHORS
Personal name Hirsch, Alex,
942 ## - ADDED ENTRY ELEMENTS
Classification
Item type Book
Holdings
Withdrawn status Lost status Source of classification or shelving scheme Damaged status Not for loan Collection code Permanent Location Current Location Date acquired Source of acquisition Cost, normal purchase price Full call number Barcode Date last seen Cost, replacement price Price effective from Item type
          Fiction Grade School Library Grade School Library 2026-02-03 MIBF 727.00 Fic. R424g 2014 GS5767 2026-02-20 1500.00 2026-02-03 Book